000 00514nmm a2200169Ia 4500
008 251105s9999||||xx |||||||||||||||||und||
020 _a9781615908660
041 _aspa
100 _aGreve, Meg
245 0 _aMi mascota = Pet tricks
264 _a[Madrid, España] :
_bRourke Educational Media,
_c2009
300 _a24 páginas
490 _aMis primeros descubrimientos / My first discovery library
650 _aAges 6-8 Years Old
856 _uhttps://public.digitaliapublishing.com/a/24681
942 _cCF
999 _c75181
_d75181